| 000 | 00438nam a2200157 a 4500 | ||
|---|---|---|---|
| 001 | 000031522 | ||
| 005 | 20200930063005.0 | ||
| 008 | 110627s195u dr c 000 0 spa d | ||
| 040 |
_aDO-SdBNP _bspa _cBNPHU |
||
| 082 |
_axxx _bV623e |
||
| 100 | 1 |
_aViau, Alfred _953677 |
|
| 245 | 1 | 3 |
_aLa era de Trujillo, económia y finanza / _cAlfred Viau. |
| 260 |
_a[Cuba] : _b[s.n], _c[195u]? |
||
| 300 |
_a125 p. : ; _cretr. ; _c23 cm. |
||
| 049 | _aBNPD | ||
| 999 |
_c31014 _d31014 |
||